| 000 | 00325nam a22001211a 4500 | ||
|---|---|---|---|
| 082 |
_aS 294.5 _bGOV/S |
||
| 245 |
_aSristutisudarshanashttakashoudhshayudhstotrani/ _cby Govindan (ed.) |
||
| 260 |
_aTirupati: _bRashtriya Sanskrit Vidyapeetha, _c2003. |
||
| 300 | _a35p. | ||
| 650 | _aHinduism | ||
| 650 | _aReligion | ||
| 942 | _cBK | ||
| 999 |
_c43976 _d43976 |
||